U.S. 119th Senate Committees' Ranking Members - Statistics

General Stats
  • This quiz has been taken 31 times
  • The average score is 17 of 22
Answer Stats
Hint Answer % Correct
Ranking Member of Health, Education, Labor, and Pensions Bernie Sanders
100%
Ranking Member of Appropriations Patty Murray
100%
Ranking Member of Agriculture, Nutrition, and Forestry Amy Klobuchar
91%
Ranking Member of Judiciary Dick Durbin
91%
Ranking Member of Commerce, Science, and Transportation Maria Cantwell
91%
Ranking Member of Finance Ron Wyden
91%
Ranking Member of Banking, Housing, and Urban Affairs Elizabeth Warren
82%
Ranking Member of Armed Services Jack Reed
82%
Ranking Member of Budget Jeff Merkley
82%
Ranking Member of Environment and Public Works Sheldon Whitehouse
82%
Co-Chair of Caucus on International Narcotics Control Sheldon Whitehouse
82%
Ranking Member of Homeland Security and Governmental Affairs Gary Peters
73%
Ranking Member of Energy and Natural Resources Martin Heinrich
73%
Ranking Member of Indian Affairs Brian Schatz
64%
Ranking Member of Small Business and Entrepreneurship Ed Markey
64%
Ranking Member of Foreign Relations Jeanne Shaheen
64%
Ranking Member of Aging Kirsten Gillibrand
64%
Ranking Member of Veterans' Affairs Richard Blumenthal
64%
Ranking Member of Rules and Administration Alex Padilla
55%
Ranking Member of Ethics Chris Coons
55%
Ranking Member of Joint Economic Committee Maggie Hassan
55%
Ranking Member of Intelligence Mark Warner
55%
No matching quizzes found
Score Distribution
Percent of People with Each Score
Percentile by Number Answered
Your Score History
You have not taken this quiz